|
|
|
|
| LEADER |
00000nab a2200000 a 4500 |
| 001 |
vtls001019460 |
| 003 |
SK-MaSNL |
| 005 |
20260303035119.0 |
| 008 |
040720e19960917xo 0 slo |
| 035 |
|
|
|a SN5386
|
| 040 |
|
|
|a SNSK
|b slo
|c SNSK
|e AACR2
|
| 041 |
0 |
|
|a slo
|
| 044 |
|
|
|a xo
|c SK
|
| 080 |
|
|
|a 796
|2 1981
|
| 100 |
1 |
|
|a Lapšanský, Jozef,
|d 1958-
|4 aut
|9 113973
|
| 245 |
1 |
0 |
|a Menej bezsenných nocí
|
| 590 |
|
|
|a Mitrík, Karol
|b reg. slov. verejný činiteľ, primátor SNV
|
| 600 |
1 |
7 |
|a Mitrík, Karol,
|d 1946-
|2 SNSK
|9 12336
|
| 650 |
0 |
7 |
|a šport
|2 SNSK
|9 1042
|
| 651 |
|
7 |
|a Spišská Nová Ves (Slovensko)
|2 SNSK
|9 28800
|
| 651 |
|
7 |
|a SN,
|2 SNSK
|9 1021277
|
| 655 |
|
7 |
|a periodikum
|2 snkbucl
|9 29553
|
| 773 |
0 |
8 |
|t Obecné noviny
|g Roč. 6, č.38, 17.9.1996, s. 14
|
| 852 |
|
|
|a ZVYKNI
|b KIS3GCP
|
| 999 |
|
|
|c 1676113
|d 1678043
|